NXT Women's Champions - Statistics

General Stats
  • This quiz has been taken 1,358 times
    107 since last reset
  • The average score is 18 of 22
Answer Stats
Title Reigns Last Won Champion % Correct
2 2020 Charlotte Flair
96%
2 2025 Jacy Jayne
96%
1 2015 Bayley
93%
1 2016 Asuka
90%
1 2023 Becky Lynch
90%
1 2025 Stephanie Vaquer
90%
1 2026 Lola Vice
89%
1 2019 Rhea Ripley
89%
1 2013 Paige
88%
2 2024 Roxanne Perez
86%
1 2015 Sasha Banks
85%
1 2025 Giulia
79%
1 2018 Kairi Sane
79%
1 2023 Lyra Valkyria
78%
1 2025 Tatum Paxley
75%
1 2021 Mandy Rose
74%
2 2018 Shayna Baszler
72%
1 2021 Raquel González
71%
1 2023 Tiffany Stratton
71%
1 2020 Io Shirai
67%
1 2017 Ember Moon
57%
1 2023 Indi Hartwell
54%
No matching quizzes found
Score Distribution
Percent of People with Each Score
Percentile by Number Answered
Your Score History
You have not taken this quiz since the last reset